LEADER 01254nam a2200277 u 4500 001 000000042419 003 CaOOAMICUS 005 20070226114326.0 008 990226s1996 it a u000 u ita u 020 $a88-384-2643-0 035 $a10815644 040 $aPUL(R)$bita$dBAV 100 1 $aDe Mattei, Roberto.$0(OLS)http://pul/name/31155 245 13$aIl crociato del secolo XX :$bPlino Corrêa de Oliveira /$cRoberto De Mattei ; prefazione di S.Em. Alfons Maria card. Stickler S.d.B. 260 $aCasale Monferrato :$bPiemme,$c1996. 300 $a379 p. :$bill., ;$c21 cm 500 $aInclude indici. 504 $aBibliografia a piè pagina. 600 14$aOliveira, Plinio Corrêa de,$d1908-1995.$0(OLS)http://pul/subject/18873 700 1 $aStickler, Alphonso M.,$ccard.,$d1910-2007.$0(OLS)http://pul/name/2722 850 $aPUL 852 $aPUL$W1$xSL Diritto e Scienze Sociali 1$y4$m208 A 3.26$j57337$nBK-PRI$qStampati$B57337$CPULBib$Z2$F57337 $H79501 $81 941 1 $a8 996 $6020$a88-384-2643-0$9(OLS)http://pul/number/52876 996 $6245$aIl crociato del secolo XX :$bPlino Corrêa de Oliveira$9(OLS)http://pul/title/57229 996 $6260$aCasale Monferrato :$bPiemme$9(OLS)http://pul/publisher/51813 LEADER 01381nam a2200301 a 4500 001 000000126720 003 CaOOAMICUS 005 20111027095049.0 008 111027s2006 gw c u000 u ger r 020 $z9783791719993* 040 $aPUL$bita 082 04$a230 245 00$aDonum veritatis :$bTheologie im Dienst an der Kirche Festschrift zum 70. Geburtstag von Anton Ziegenaus /$cManfred Hauke, Michael Stickelbroeck (Hg.) 260 $aRegensburg :$bPustet,$c©2006. 300 $a514 p. :$britr. ;$c24 cm 504 $a"Bibliographie Anton Ziegenaus" p. [469]-511. 600 14$aZiegenaus, Anton,$d1936-$0(OLS)http://pul/subject/38294 650 4$aTeologia.$0(OLS)http://pul/subject/118 700 1 $aHauke, Manfred,$csacerdote,$d1956-$0(OLS)http://pul/name/26742 700 1 $aStickelbroeck, Michael.$0(OLS)http://pul/name/6991 850 $aPUL 852 $aPUL$W1$xDP2 Religione 3$y114$m230 ZIEAN 1$j146518$qDDC 21$B145224$CPULBib$Z2$F145224 $H117845 $82 941 1 $a9 996 $6020$z9783791719993*$9(OLS)http://pul/number/148269 996 $6082$a230$9(OLS)http://pul/classification/368 996 $6245$aDonum veritatis :$bTheologie im Dienst an der Kirche Festschrift zum 70. Geburtstag von Anton Ziegenaus$9(OLS)http://pul/title/160073 996 $6260$aRegensburg :$bPustet$9(OLS)http://pul/publisher/61617